000 00944nam a2200217Ia 4500
001 14833
003 GE_BSU
008 181216s||||||||xx |||||||||||||| ||und||
040 _cGE_BSU
080 _a517.2
100 _aАрнольд, В.И., Варченко, С.М.
245 _aОсобенности дифференцируемых отображений. Класификация критических точек каустик и волновых фронтов.
245 _cПод ред. В.И. Арнолда.
260 _aМосква
260 _bНаука. главн. ред. физико-математической лит-ры.
260 _c1982
300 _a302стр.22см.
653 _aКласификация критических точек каустик и волновых фронтов.
653 _aОсобенности дифференцируемых отображений.
942 _cBK
999 _c47956
_d47956